Entry Nombre personal
001 - NÚMERO DE CONTROL
- campo de control: 161658
003 - IDENTIFICADOR DE NÚMERO DE CONTROL
- campo de control: SpMaBN
005 - FECHA Y HORA DE LA ÚLTIMA TRANSACCIÓN
- campo de control: 20250816052631.0
008 - ELEMENTOS DE DATO DE LONGITUD-FIJA
- campo de control de longitud fija: 060112n| aijnnaabn |a aaa
016 ## - NÚMERO DE CONTROL DE UNA AGENCIA BIBLIOGRÁFICA NACIONAL
- Número de control del registro: BNE20060088860
024 7# - IDENTIFICADOR DE OTROS ESTÁNDARES
- Número estándar o código: http://viaf.org/viaf/218383525/
- Fuente: viaf
024 7# - IDENTIFICADOR DE OTROS ESTÁNDARES
- Número estándar o código: https://isni.org/isni/0000000059259878
- Fuente: isni
040 ## - FUENTE DE CATALOGACIÓN
- Centro catalogador/agencia de origen: SpMaBN
- Lengua de catalogación: spa
- Centro/agencia transcriptor: SpMaBN
- Normas de descripción: rdc
- Convención/Normas de encabezamiento de materia/tesauro: embne
100 1# - ENCABEZAMIENTO-NOMBRE DE PERSONA
- Nombre de persona: Vallejo, Inés,
- Fechas asociadas al nombre: 1975-
375 ## - GÉNERO/SEXO
- Género: Femenino
377 ## - IDIOMA ASOCIADO
- Código del idioma: spa
- Término de lengua/lenguaje: Español
400 1# - TRAZADO DE VÉASE--NOMBRE DE PERSONA
- Nombre de persona: Vallejo Ulecia, Inés,
- Fechas asociadas al nombre: 1975-
670 ## - FUENTE DE DATOS ENCONTRADOS
- Cita de la fuente: Luis Feito (1935-1955), 2006
- Información encontrada: v. port. (textos Inés Vallejo)
670 ## - FUENTE DE DATOS ENCONTRADOS
- Cita de la fuente: El patrimonio histórico artístico del Congreso de los Diputados, 2011
- Información encontrada: p. 5 (Inés Vallejo Ulecia)
